[Event "RUS-ch Blitz Women 2018"]
[Site "Sochi"]
[Date "2018.10.07"]
[Round "13"]
[White "Charochkina, Daria"]
[Black "Tomilova, Elena"]
[Result "1/2-1/2"]
[WhiteElo "2344"]
[BlackElo "2328"]
[Annotator "NA"]
[PlyCount "84"]
[EventDate "2018.10.07"]
[EventType "swiss"]
[EventCountry "RUS"]
[SourceTitle "playchess.com"]
[Source "ChessBase"]
[SourceQuality "1"]
[TimeControl "180+2"]

1. d4 {[%emt 0:00:00]} Nf6 {[%emt 0:00:00]} 2. c4 {[%emt 0:00:00]} b6 {[%emt 0:00:00]} 3. Nc3 {[%emt 0:00:04]} Bb7 {[%emt 0:00:02]} 4. Qc2 {[%emt 0:00:00]} d5 {[%emt 0:00:01]} 5. cxd5 {[%emt 0:00:10]} Nxd5 {[%emt 0:00:01]} 6. Nxd5 {[%emt 0:00:04]} Bxd5 {[%emt 0:00:08]} 7. e4 {[%emt 0:00:01]} Bb7 {[%emt 0:00:07]} 8. Nf3 {[%emt 0:00:02]} g6 {[%emt 0:00:05]} 9. Bc4 {[%emt 0:00:03]} Bg7 {[%emt 0:00:02]} 10. Bxf7+ {[%emt 0:00:46]} Kxf7 {[%emt 0:00:02]} 11. Ng5+ {[%emt 0:00:01]} Ke8 {[%emt 0:00:16]} 12. Ne6 {[%emt 0:00:01]} Qd6 {[%emt 0:00:06]} 13. Nxg7+ {[%emt 0:00:07]} Kf7 {[%emt 0:00:01]} 14. Bh6 {[%emt 0:00:01]} e6 {[%emt 0:00:28]} 15. O-O {[%emt 0:00:09]} Nd7 {[%emt 0:00:25]} 16. Rad1 {[%emt 0:00:29]} Rhg8 {[%emt 0:00:25]} 17. f4 {[%emt 0:00:31]} Rxg7 {[%emt 0:00:09]} 18. Bxg7 {[%emt 0:00:02]} Kxg7 {[%emt 0:00:01]} 19. f5 {[%emt 0:00:01]} exf5 {[%emt 0:00:04]} 20. exf5 {[%emt 0:00:03]} Nf6 {[%emt 0:00:04]} 21. d5 {[%emt 0:00:22]} Bxd5 {[%emt 0:00:07]} 22. fxg6 {[%emt 0:00:07]} hxg6 {[%emt 0:00:07]} 23. Qf2 {[%emt 0:00:14]} Rf8 {[%emt 0:00:06]} 24. Qe2 {[%emt 0:00:12]} c6 {[%emt 0:00:04]} 25. h3 {[%emt 0:00:03]} Rf7 {[%emt 0:00:09]} 26. Rde1 {[%emt 0:00:03]} Qg3 {[%emt 0:00:04]} 27. Qd2 {[%emt 0:00:04]} Qd6 {[%emt 0:00:14]} 28. Re3 {[%emt 0:00:07]} Re7 {[%emt 0:00:04]} 29. Rxe7+ {[%emt 0:00:04]} Qxe7 {[%emt 0:00:01]} 30. Qg5 {[%emt 0:00:03]} Qc5+ {[%emt 0:00:03]} 31. Kh1 {[%emt 0:00:02]} Ne4 {[%emt 0:00:05]} 32. Qe5+ {[%emt 0:00:03]} Kh7 {[%emt 0:00:04]} 33. Qc7+ {[%emt 0:00:02]} Kh6 {[%emt 0:00:03]} 34. Qf4+ {[%emt 0:00:03]} Kh7 {[%emt 0:00:03]} 35. Qc7+ {[%emt 0:00:01]} Kh6 {[%emt 0:00:00]} 36. Qf4+ {[%emt 0:00:00]} Kh7 {[%emt 0:00:01]} 37. Qc7+ {[%emt 0:00:01]} Kh6 {[%emt 0:00:05]} 38. Qf4+ {[%emt 0:00:01]} g5 {[%emt 0:00:02]} 39. Qe5 {[%emt 0:00:06]} Qc2 {[%emt 0:00:09]} 40. Qh8+ {[%emt 0:00:03]} Kg6 {[%emt 0:00:02]} 41. Qe8+ {[%emt 0:00:01]} Kh6 {[%emt 0:00:02]} 42. Qh8+ {[%emt 0:00:02]} Kg6 {[%emt 0:00:01]} 1/2-1/2

[Event "RUS-ch Blitz Women 2018"]
[Site "Sochi"]
[Date "2018.10.07"]
[Round "13"]
[White "Belenkaya, Dina"]
[Black "Vinokur, Yuliya"]
[Result "1-0"]
[WhiteElo "2329"]
[BlackElo "2170"]
[Annotator "NA"]
[PlyCount "89"]
[EventDate "2018.10.07"]
[EventType "swiss"]
[EventCountry "RUS"]
[SourceTitle "playchess.com"]
[Source "ChessBase"]
[SourceQuality "1"]
[TimeControl "180+2"]

1. e4 {[%emt 0:00:00]} Nf6 {[%emt 0:00:00]} 2. e5 {[%emt 0:00:00]} Nd5 {[%emt 0:00:00]} 3. d4 {[%emt 0:00:02]} d6 {[%emt 0:00:03]} 4. c4 {[%emt 0:00:04]} Nb6 {[%emt 0:00:01]} 5. exd6 {[%emt 0:00:02]} cxd6 {[%emt 0:00:01]} 6. Nc3 {[%emt 0:00:03]} g6 {[%emt 0:00:01]} 7. Be3 {[%emt 0:00:02]} Bg7 {[%emt 0:00:02]} 8. Rc1 {[%emt 0:00:03]} O-O {[%emt 0:00:02]} 9. b3 {[%emt 0:00:03]} Bf5 {[%emt 0:00:01]} 10. Be2 {[%emt 0:00:04]} d5 {[%emt 0:00:01]} 11. c5 {[%emt 0:00:01]} Nc8 {[%emt 0:00:03]} 12. Nf3 {[%emt 0:00:10]} Bg4 {[%emt 0:00:04]} 13. O-O {[%emt 0:00:03]} Nc6 {[%emt 0:00:01]} 14. a3 {[%emt 0:00:03]} e6 {[%emt 0:00:04]} 15. b4 {[%emt 0:00:01]} a6 {[%emt 0:00:02]} 16. h3 {[%emt 0:00:06]} Bxf3 {[%emt 0:00:01]} 17. Bxf3 {[%emt 0:00:01]} N8e7 {[%emt 0:00:01]} 18. Qd2 {[%emt 0:00:03]} Nf5 {[%emt 0:00:02]} 19. Ne2 {[%emt 0:00:10]} Nh4 {[%emt 0:00:24]} 20. Bg4 {[%emt 0:00:33]} h5 {[%emt 0:00:06]} 21. Bg5 {[%emt 0:00:01]} Bf6 {[%emt 0:00:01]} 22. Bxh4 {[%emt 0:00:02]} Bxh4 {[%emt 0:00:02]} 23. Bf3 {[%emt 0:00:01]} Bg5 {[%emt 0:00:02]} 24. Qd3 {[%emt 0:00:33]} Bxc1 {[%emt 0:00:04]} 25. Rxc1 {[%emt 0:00:01]} Qf6 {[%emt 0:00:04]} 26. Rd1 {[%emt 0:00:06]} Rad8 {[%emt 0:00:08]} 27. Nc3 {[%emt 0:00:04]} Ne7 {[%emt 0:00:10]} 28. a4 {[%emt 0:00:02]} Nf5 {[%emt 0:00:06]} 29. b5 {[%emt 0:00:07]} axb5 {[%emt 0:00:02]} 30. axb5 {[%emt 0:00:05]} Ra8 {[%emt 0:00:03]} 31. b6 {[%emt 0:00:31]} Ra3 {[%emt 0:00:40]} 32. Nxd5 exd5 {[%emt 0:00:23]} 33. Qxa3 {[%emt 0:00:04]} Nxd4 {[%emt 0:00:02]} 34. Bxd5 {[%emt 0:00:19]} Ne2+ {[%emt 0:00:06]} 35. Kf1 Nc3 {[%emt 0:00:21]} 36. Rd3 {[%emt 0:00:15]} Nxd5 {[%emt 0:00:02]} 37. Rxd5 {[%emt 0:00:01]} Re8 {[%emt 0:00:23]} 38. Qd3 {[%emt 0:00:12]} Ra8 39. g3 {[%emt 0:00:05]} Ra2 {[%emt 0:00:14]} 40. Rd8+ {[%emt 0:00:03]} Kh7 {[%emt 0:00:02]} 41. Qd4 {[%emt 0:00:02]} Rxf2+ {[%emt 0:00:14]} 42. Qxf2 {[%emt 0:00:01]} Qxd8 {[%emt 0:00:01]} 43. Qxf7+ {[%emt 0:00:02]} Kh6 {[%emt 0:00:01]} 44. Qf4+ {[%emt 0:00:02]} Kh7 {[%emt 0:00:03]} 45. Qc7+ {[%emt 0:00:01]} 1-0

[Event "RUS-ch Blitz Women 2018"]
[Site "Sochi"]
[Date "2018.10.07"]
[Round "13"]
[White "Maltsevskaya, Aleksandra"]
[Black "Styazhkina, Anna"]
[Result "1-0"]
[WhiteElo "2290"]
[BlackElo "2268"]
[Annotator "NA"]
[PlyCount "59"]
[EventDate "2018.10.07"]
[EventType "swiss"]
[EventCountry "RUS"]
[SourceTitle "playchess.com"]
[Source "ChessBase"]
[SourceQuality "1"]
[TimeControl "180+2"]

1. c4 {[%emt 0:00:00]} e5 {[%emt 0:00:00]} 2. Nc3 {[%emt 0:00:01]} Nf6 {[%emt 0:00:01]} 3. e3 {[%emt 0:00:02]} d5 {[%emt 0:00:19]} 4. cxd5 {[%emt 0:00:12]} Nxd5 {[%emt 0:00:02]} 5. Qh5 {[%emt 0:00:21]} Nb4 {[%emt 0:00:36]} 6. Qxe5+ {[%emt 0:00:19]} Be7 {[%emt 0:00:02]} 7. Qe4 {[%emt 0:00:41]} g6 {[%emt 0:01:10]} 8. g4 {[%emt 0:00:44]} Bd7 {[%emt 0:00:31]} 9. f3 {[%emt 0:00:17]} Bc6 {[%emt 0:00:04]} 10. Qb1 {[%emt 0:00:02]} O-O {[%emt 0:00:03]} 11. a3 {[%emt 0:00:07]} Bh4+ 12. Kd1 Nd5 {[%emt 0:00:05]} 13. d4 {[%emt 0:00:18]} Re8 {[%emt 0:00:12]} 14. Qd3 {[%emt 0:00:03]} Nxc3+ {[%emt 0:00:10]} 15. Qxc3 {[%emt 0:00:05]} Qd5 {[%emt 0:00:02]} 16. Bd2 {[%emt 0:00:04]} Ba4+ {[%emt 0:00:01]} 17. Kc1 {[%emt 0:00:02]} Nc6 {[%emt 0:00:03]} 18. Bc4 {[%emt 0:00:06]} Qd7 {[%emt 0:00:01]} 19. b3 {[%emt 0:00:02]} b5 {[%emt 0:00:06]} 20. Bd3 {[%emt 0:00:06]} Bf6 {[%emt 0:00:02]} 21. Ne2 {[%emt 0:00:03]} a5 {[%emt 0:00:05]} 22. bxa4 {[%emt 0:00:01]} b4 {[%emt 0:00:01]} 23. Qc2 {[%emt 0:00:04]} Rab8 {[%emt 0:00:03]} 24. Bb5 {[%emt 0:00:02]} Rb6 {[%emt 0:00:03]} 25. axb4 {[%emt 0:00:04]} Qd6 {[%emt 0:00:03]} 26. bxa5 {[%emt 0:00:01]} Rxb5 {[%emt 0:00:02]} 27. axb5 {[%emt 0:00:01]} Nb4 {[%emt 0:00:03]} 28. Qc4 {[%emt 0:00:02]} Nd5 {[%emt 0:00:01]} 29. e4 {[%emt 0:00:02]} Ne7 {[%emt 0:00:04]} 30. e5 {[%emt 0:00:01]} 1-0

[Event "RUS-ch Blitz Women 2018"]
[Site "Sochi"]
[Date "2018.10.07"]
[Round "13"]
[White "Maletina, Tatiana"]
[Black "Nebolsina, Vera"]
[Result "0-1"]
[WhiteElo "2270"]
[BlackElo "2220"]
[Annotator "NA"]
[PlyCount "128"]
[EventDate "2018.10.07"]
[EventType "swiss"]
[EventCountry "RUS"]
[SourceTitle "playchess.com"]
[Source "ChessBase"]
[SourceQuality "1"]
[TimeControl "180+2"]

1. d4 {[%emt 0:00:00]} Nf6 {[%emt 0:00:00]} 2. c4 {[%emt 0:00:00]} g6 {[%emt 0:00:01]} 3. f3 {[%emt 0:00:02]} d5 {[%emt 0:00:04]} 4. cxd5 {[%emt 0:00:01]} Nxd5 {[%emt 0:00:01]} 5. e4 {[%emt 0:00:01]} Nb6 {[%emt 0:00:02]} 6. Nc3 {[%emt 0:00:01]} Bg7 {[%emt 0:00:05]} 7. Be3 {[%emt 0:00:01]} Nc6 {[%emt 0:00:23]} 8. Bb5 {[%emt 0:00:02]} O-O {[%emt 0:00:04]} 9. Nge2 {[%emt 0:00:01]} Na5 {[%emt 0:00:11]} 10. b3 {[%emt 0:00:15]} a6 {[%emt 0:00:12]} 11. Bd3 {[%emt 0:00:05]} Nc6 {[%emt 0:00:09]} 12. Bc2 {[%emt 0:00:09]} Qd6 {[%emt 0:00:26]} 13. O-O {[%emt 0:00:04]} Rd8 {[%emt 0:00:02]} 14. d5 {[%emt 0:00:34]} Nb4 {[%emt 0:00:04]} 15. Bd4 {[%emt 0:00:29]} Nxc2 {[%emt 0:00:08]} 16. Qxc2 {[%emt 0:00:02]} Bxd4+ {[%emt 0:00:19]} 17. Nxd4 {[%emt 0:00:01]} Qc5 {[%emt 0:00:01]} 18. Nce2 {[%emt 0:00:01]} Qxc2 {[%emt 0:00:03]} 19. Nxc2 {[%emt 0:00:01]} e6 {[%emt 0:00:04]} 20. dxe6 {[%emt 0:00:14]} Bxe6 {[%emt 0:00:01]} 21. Rfd1 {[%emt 0:00:02]} Kf8 {[%emt 0:00:08]} 22. Ne3 {[%emt 0:00:02]} Ke7 {[%emt 0:00:07]} 23. Kf2 {[%emt 0:00:02]} a5 {[%emt 0:00:08]} 24. Nd4 {[%emt 0:00:04]} a4 {[%emt 0:00:07]} 25. Nxe6 {[%emt 0:00:09]} fxe6 {[%emt 0:00:03]} 26. b4 {[%emt 0:00:06]} a3 {[%emt 0:00:08]} 27. Ke2 {[%emt 0:00:03]} Na4 {[%emt 0:00:15]} 28. Rxd8 {[%emt 0:00:05]} Rxd8 {[%emt 0:00:01]} 29. Rc1 {[%emt 0:00:01]} c6 {[%emt 0:00:02]} 30. Nc4 {[%emt 0:00:03]} Rd4 {[%emt 0:00:07]} 31. Ke3 {[%emt 0:00:13]} e5 {[%emt 0:00:01]} 32. Nxa3 {[%emt 0:00:05]} Rxb4 {[%emt 0:00:01]} 33. Nc4 {[%emt 0:00:01]} Ke6 {[%emt 0:00:04]} 34. Rc2 {[%emt 0:00:02]} c5 {[%emt 0:00:09]} 35. Nd2 {[%emt 0:00:19]} b5 {[%emt 0:00:11]} 36. a3 {[%emt 0:00:10]} Rb2 {[%emt 0:00:03]} 37. Rxb2 {[%emt 0:00:09]} Nxb2 {[%emt 0:00:01]} 38. Nb1 {[%emt 0:00:10]} b4 {[%emt 0:00:06]} 39. axb4 {[%emt 0:00:04]} cxb4 {[%emt 0:00:01]} 40. Nd2 {[%emt 0:00:03]} Kd6 {[%emt 0:00:02]} 41. Nb3 {[%emt 0:00:01]} Kc6 {[%emt 0:00:05]} 42. Kd2 {[%emt 0:00:01]} Kb5 {[%emt 0:00:03]} 43. Kc2 {[%emt 0:00:02]} Nc4 {[%emt 0:00:01]} 44. g3 {[%emt 0:00:05]} Ne3+ {[%emt 0:00:02]} 45. Kd3 {[%emt 0:00:03]} Nf1 {[%emt 0:00:01]} 46. f4 {[%emt 0:00:02]} Nxh2 {[%emt 0:00:05]} 47. f5 {[%emt 0:00:09]} Ng4 {[%emt 0:00:04]} 48. Kc2 {[%emt 0:00:05]} Nf6 {[%emt 0:00:02]} 49. Kd3 {[%emt 0:00:01]} g5 {[%emt 0:00:06]} 50. Nd2 {[%emt 0:00:03]} g4 {[%emt 0:00:01]} 51. Nb3 {[%emt 0:00:02]} h5 {[%emt 0:00:01]} 52. Nd2 {[%emt 0:00:02]} h4 {[%emt 0:00:02]} 53. gxh4 {[%emt 0:00:01]} g3 {[%emt 0:00:01]} 54. Nf3 {[%emt 0:00:03]} g2 {[%emt 0:00:02]} 55. Ke2 {[%emt 0:00:05]} b3 {[%emt 0:00:01]} 56. Kf2 {[%emt 0:00:01]} b2 {[%emt 0:00:01]} 57. Nd2 {[%emt 0:00:01]} Nxe4+ 58. Kxg2 {[%emt 0:00:00]} Nxd2 {[%emt 0:00:02]} 59. f6 {[%emt 0:00:01]} b1=Q {[%emt 0:00:02]} 60. f7 {[%emt 0:00:01]} Qg6+ {[%emt 0:00:01]} 61. Kf2 {[%emt 0:00:00]} Qxf7+ {[%emt 0:00:01]} 62. Ke3 {[%emt 0:00:01]} Qf4+ {[%emt 0:00:01]} 63. Kd3 {[%emt 0:00:01]} Qxh4 {[%emt 0:00:01]} 64. Kxd2 {[%emt 0:00:02]} Qg3 {[%emt 0:00:01]} 0-1

[Event "RUS-ch Blitz Women 2018"]
[Site "Sochi"]
[Date "2018.10.07"]
[Round "14"]
[White "Dordzhieva, Dinara"]
[Black "Voit, Daria"]
[Result "1-0"]
[WhiteElo "2340"]
[BlackElo "2352"]
[Annotator "ChessBase"]
[PlyCount "115"]
[EventDate "2018.10.07"]
[EventType "swiss"]
[EventCountry "RUS"]
[SourceTitle "playchess.com"]
[Source "ChessBase"]
[SourceQuality "1"]
[TimeControl "180+2"]

1. Nf3 {[%emt 0:00:00]} Nf6 {[%emt 0:00:00]} 2. c4 {[%emt 0:00:00]} c5 {[%emt 0:00:00]} 3. g3 {[%emt 0:00:01]} b6 {[%emt 0:00:02]} 4. Bg2 {[%emt 0:00:02]} Bb7 {[%emt 0:00:01]} 5. b3 {[%emt 0:00:01]} e6 {[%emt 0:00:02]} 6. Bb2 {[%emt 0:00:01]} Be7 {[%emt 0:00:07]} 7. O-O {[%emt 0:00:02]} O-O {[%emt 0:00:06]} 8. e3 {[%emt 0:00:00]} d5 {[%emt 0:00:02]} 9. Nc3 {[%emt 0:00:06]} dxc4 {[%emt 0:00:11]} 10. bxc4 {[%emt 0:00:02]} Nc6 {[%emt 0:00:14]} 11. Qe2 {[%emt 0:00:18]} Nb4 {[%emt 0:00:06]} 12. Ne1 {[%emt 0:00:04]} Bxg2 {[%emt 0:00:02]} 13. Kxg2 {[%emt 0:00:01]} Qc7 {[%emt 0:00:02]} 14. d3 {[%emt 0:00:03]} Rfd8 {[%emt 0:00:03]} 15. a3 {[%emt 0:00:03]} Nc6 {[%emt 0:00:01]} 16. f4 {[%emt 0:00:01]} Rd7 {[%emt 0:00:08]} 17. Rd1 {[%emt 0:00:09]} Rad8 18. g4 Qb7 {[%emt 0:00:14]} 19. Kg1 {[%emt 0:00:02]} a6 {[%emt 0:00:01]} 20. a4 {[%emt 0:00:01]} Nb4 {[%emt 0:00:03]} 21. g5 {[%emt 0:00:03]} Ne8 {[%emt 0:00:03]} 22. h4 {[%emt 0:00:24]} Nc7 {[%emt 0:00:06]} 23. h5 {[%emt 0:00:09]} b5 {[%emt 0:00:01]} 24. axb5 {[%emt 0:00:20]} axb5 25. h6 bxc4 {[%emt 0:00:10]} 26. dxc4 {[%emt 0:00:04]} Rxd1 {[%emt 0:00:40]} 27. Nxd1 {[%emt 0:00:00]} gxh6 {[%emt 0:00:04]} 28. gxh6 {[%emt 0:00:01]} Qe4 {[%emt 0:00:02]} 29. Rf2 {[%emt 0:00:14]} Kf8 {[%emt 0:00:40]} 30. Nc3 {[%emt 0:00:02]} Qg6+ {[%emt 0:00:04]} 31. Rg2 {[%emt 0:00:01]} Qf5 {[%emt 0:00:10]} 32. Nb5 {[%emt 0:00:17]} Nxb5 {[%emt 0:00:07]} 33. cxb5 {[%emt 0:00:00]} Qb1 {[%emt 0:00:06]} 34. Bg7+ {[%emt 0:00:03]} Ke8 {[%emt 0:00:01]} 35. Bc3 {[%emt 0:00:07]} Nd3 {[%emt 0:00:02]} 36. Rg8+ {[%emt 0:00:33]} Bf8 {[%emt 0:00:01]} 37. Qc2 {[%emt 0:00:01]} Qxc2 {[%emt 0:00:20]} 38. Nxc2 {[%emt 0:00:00]} Kd7 {[%emt 0:00:07]} 39. Na3 {[%emt 0:00:12]} Bxh6 {[%emt 0:00:02]} 40. Rg2 {[%emt 0:00:11]} Kc8 {[%emt 0:00:05]} 41. Nc4 {[%emt 0:00:04]} Nb4 {[%emt 0:00:02]} 42. Be5 {[%emt 0:00:05]} Rd1+ {[%emt 0:00:02]} 43. Kh2 {[%emt 0:00:01]} Nd5 {[%emt 0:00:02]} 44. Nd6+ {[%emt 0:00:04]} Kd7 45. Ra2 {[%emt 0:00:07]} Rb1 {[%emt 0:00:04]} 46. Ra7+ {[%emt 0:00:01]} Nc7 {[%emt 0:00:02]} 47. Nxf7 {[%emt 0:00:06]} Bf8 {[%emt 0:00:01]} 48. Rxc7+ {[%emt 0:00:01]} Ke8 {[%emt 0:00:01]} 49. Ng5 Rxb5 50. Nxe6 {[%emt 0:00:11]} h5 {[%emt 0:00:06]} 51. Rc8+ {[%emt 0:00:01]} Kd7 {[%emt 0:00:01]} 52. Rxf8 {[%emt 0:00:09]} Kxe6 {[%emt 0:00:01]} 53. Rh8 {[%emt 0:00:01]} Kf5 {[%emt 0:00:01]} 54. Rxh5+ {[%emt 0:00:02]} Ke4 {[%emt 0:00:00]} 55. Bd4 {[%emt 0:00:09]} Ra5 {[%emt 0:00:02]} 56. Rxc5 {[%emt 0:00:01]} Ra2+ {[%emt 0:00:02]} 57. Kg3 {[%emt 0:00:01]} Ra3 {[%emt 0:00:01]} 58. Re5+ {[%emt 0:00:00] Kd5} 1-0

[Event "RUS-ch Blitz Women 2018"]
[Site "Sochi"]
[Date "2018.10.07"]
[Round "14"]
[White "Tomilova, Elena"]
[Black "Charochkina, Daria"]
[Result "0-1"]
[WhiteElo "2328"]
[BlackElo "2344"]
[Annotator "NA"]
[PlyCount "128"]
[EventDate "2018.10.07"]
[EventType "swiss"]
[EventCountry "RUS"]
[SourceTitle "playchess.com"]
[Source "ChessBase"]
[SourceQuality "1"]
[TimeControl "180+2"]

1. d4 {[%emt 0:00:00]} d5 {[%emt 0:00:00]} 2. Nf3 {[%emt 0:00:01]} Nf6 {[%emt 0:00:09]} 3. Bf4 {[%emt 0:00:02]} c5 {[%emt 0:00:03]} 4. e3 {[%emt 0:00:03]} Nc6 {[%emt 0:00:06]} 5. c3 {[%emt 0:00:02]} e6 {[%emt 0:00:07]} 6. Nbd2 {[%emt 0:00:03]} Bd6 {[%emt 0:00:01]} 7. Bg3 {[%emt 0:00:01]} O-O {[%emt 0:00:02]} 8. Bd3 {[%emt 0:00:02]} b6 {[%emt 0:00:06]} 9. O-O {[%emt 0:00:03]} Bb7 {[%emt 0:00:00]} 10. Qe2 {[%emt 0:00:01]} Qc7 {[%emt 0:00:14]} 11. dxc5 {[%emt 0:00:16]} bxc5 {[%emt 0:00:02]} 12. e4 {[%emt 0:00:04]} Bxg3 {[%emt 0:00:14]} 13. hxg3 {[%emt 0:00:02]} h6 {[%emt 0:00:18]} 14. Rad1 {[%emt 0:00:16]} Rad8 {[%emt 0:00:03]} 15. e5 {[%emt 0:00:15]} Ng4 {[%emt 0:00:38]} 16. Rfe1 {[%emt 0:00:05]} Rde8 {[%emt 0:00:00]} 17. c4 {[%emt 0:00:18]} f5 {[%emt 0:00:09]} 18. exf6 {[%emt 0:00:08]} Nxf6 {[%emt 0:00:06]} 19. Bb1 {[%emt 0:00:14]} d4 {[%emt 0:00:09]} 20. Ne4 Nd7 {[%emt 0:00:29]} 21. b3 {[%emt 0:00:21]} Rf7 {[%emt 0:00:04]} 22. Qc2 {[%emt 0:00:10]} Nb4 {[%emt 0:00:02]} 23. Qe2 {[%emt 0:00:06]} Nf6 {[%emt 0:00:03]} 24. Nxf6+ {[%emt 0:00:05]} Rxf6 {[%emt 0:00:01]} 25. a3 {[%emt 0:00:03]} Nc6 {[%emt 0:00:09]} 26. Qd3 {[%emt 0:00:22]} g5 {[%emt 0:00:01]} 27. b4 {[%emt 0:00:01]} e5 {[%emt 0:00:06]} 28. b5 {[%emt 0:00:21]} Nd8 {[%emt 0:00:01]} 29. Nd2 {[%emt 0:00:04]} Qf7 {[%emt 0:00:05]} 30. f3 {[%emt 0:00:02]} Re7 {[%emt 0:00:05]} 31. Re2 {[%emt 0:00:02]} Qg7 {[%emt 0:00:08]} 32. g4 {[%emt 0:00:05]} Rf4 {[%emt 0:00:02]} 33. Rde1 {[%emt 0:00:03]} Nf7 {[%emt 0:00:00]} 34. a4 {[%emt 0:00:12]} Nd6 {[%emt 0:00:01]} 35. a5 {[%emt 0:00:01]} e4 {[%emt 0:00:08]} 36. fxe4 {[%emt 0:00:09]} Rxg4 {[%emt 0:00:01]} 37. e5 {[%emt 0:00:05]} Nf7 {[%emt 0:00:07]} 38. Nf3 {[%emt 0:00:03]} Rg3 {[%emt 0:00:03]} 39. Qf5 {[%emt 0:00:02]} Bxf3 {[%emt 0:00:05]} 40. Qc8+ {[%emt 0:00:02]} Qf8 {[%emt 0:00:00]} 41. Bh7+ {[%emt 0:00:02]} Kg7 {[%emt 0:00:01]} 42. Qxf8+ {[%emt 0:00:03]} Kxf8 {[%emt 0:00:01]} 43. Kf2 {[%emt 0:00:01]} Bxe2 {[%emt 0:00:01]} 44. Kxg3 {[%emt 0:00:01]} d3 {[%emt 0:00:01]} 45. e6 {[%emt 0:00:02]} Rxe6 {[%emt 0:00:01]} 46. Bxd3 {[%emt 0:00:01]} Re3+ {[%emt 0:00:01]} 47. Kf2 {[%emt 0:00:01]} Rxd3 {[%emt 0:00:01]} 48. Rxe2 {[%emt 0:00:01]} Nd6 {[%emt 0:00:01]} 49. Re6 {[%emt 0:00:02]} Nxc4 {[%emt 0:00:02]} 50. Ra6 {[%emt 0:00:01]} Ra3 {[%emt 0:00:06]} 51. Rxa7 {[%emt 0:00:03]} Rxa5 {[%emt 0:00:00]} 52. Rh7 {[%emt 0:00:02]} Rxb5 {[%emt 0:00:03]} 53. Rxh6 {[%emt 0:00:01]} Kg7 {[%emt 0:00:00]} 54. Rc6 {[%emt 0:00:01]} Ne5 {[%emt 0:00:02]} 55. Rc7+ {[%emt 0:00:01]} Kf6 {[%emt 0:00:01]} 56. Ke3 {[%emt 0:00:01]} c4 {[%emt 0:00:04]} 57. Kd4 {[%emt 0:00:01]} Ra5 {[%emt 0:00:01]} 58. g3 {[%emt 0:00:02]} g4 {[%emt 0:00:06]} 59. Rb7 {[%emt 0:00:01]} Ke6 {[%emt 0:00:03]} 60. Rb6+ {[%emt 0:00:01]} Kf5 {[%emt 0:00:00]} 61. Rb7 {[%emt 0:00:01]} Ra1 {[%emt 0:00:04]} 62. Re7 {[%emt 0:00:02]} Rd1+ {[%emt 0:00:01]} 63. Kc3 {[%emt 0:00:00]} Rd3+ {[%emt 0:00:01]} 64. Kc2 {[%emt 0:00:02]} Rxg3 {[%emt 0:00:01]} 0-1